000 00886cad a22002055a 4500
001 L151401
008 101101u2010 xxk g 000 0 eng d
035 _a(Sirsi) u151401
041 0 _aeng
110 2 _aCushman & Wakefield
_95888
245 0 0 _aGlobal real estate blog
_h[electronic resource]
520 _aIncisive commentary from Cushman & Wakefield's experts on the commercial property market worldwide. Offers blogs on global markets and investments, and how the economy impacts on real estate decisions.
590 _aKA
650 2 4 _aCUSHMAN & WAKEFIELD GLOBAL REAL ESTATE BLOG
651 4 _aInternational
690 _aPROPERTY-COMMERCIAL PROPERTY-COMMERCIAL PROPERTY MARKET
690 _aPROPERTY-COMMERCIAL PROPERTY-COMMERCIAL PROPERTY FINANCE AND INVESTMENT
856 4 0 _uhttps://blog.cushwake.com/
_zView the blog free of charge at www.cushwake.com
942 _n0
999 _c120882
_d120882